| 000 | 00587cam a2200241 4500 | ||
|---|---|---|---|
| 001 | D5647 | ||
| 008 | 090401t1981 xxu||||| |||| 00| 0 eng d | ||
| 035 | _a(Sirsi) u62316 | ||
| 041 | _aeng | ||
| 050 | _a695 | ||
| 100 | _aHolmes, R. | ||
| 245 | _aMaintenance costs of flat roofs | ||
| 260 |
_aGarston, Watford _bBuilding Research Establishment _c1981 |
||
| 300 | _a23p. 30cm | ||
| 350 | _a0 | ||
| 490 |
_aBRE Current Paper _v4/81 |
||
| 700 | _aMarvin, H.L. | ||
| 700 | _aBanks, W.B. | ||
| 700 | _aKroll, M.E. | ||
| 700 | _aNewman, P.L. | ||
| 942 | _n0 | ||
| 948 | _c04/03/1997 | ||
| 999 |
_c94394 _d94394 |
||